Communication Skills in English (Record no. 11157)

MARC details
000 -LEADER
fixed length control field 00512nam a22001937a 4500
003 - CONTROL NUMBER IDENTIFIER
control field OSt
008 - FIXED-LENGTH DATA ELEMENTS--GENERAL INFORMATION
fixed length control field 220415b ||||| |||| 00| 0 eng d
020 ## - INTERNATIONAL STANDARD BOOK NUMBER
International Standard Book Number 9789361420232
082 ## - DEWEY DECIMAL CLASSIFICATION NUMBER
Classification number 429 MAG
100 ## - MAIN ENTRY--PERSONAL NAME
Personal name MADAN, A.L.
245 ## - TITLE STATEMENT
Title Communication Skills in English
250 ## - EDITION STATEMENT
Edition statement Repint
260 ## - PUBLICATION, DISTRIBUTION, ETC. (IMPRINT)
Place of publication, distribution, etc New Delhi
Name of publisher, distributor, etc VK Global Publications Pvt. Ltd.
Date of publication, distribution, etc 2021-2
300 ## - PHYSICAL DESCRIPTION
Extent 247
650 ## - SUBJECT ADDED ENTRY--TOPICAL TERM
Topical term or geographic name as entry element Communication Skills in English (Commerce)
700 ## - ADDED ENTRY--PERSONAL NAME
Personal name MEHTA, Sangeeta
700 ## - ADDED ENTRY--PERSONAL NAME
Personal name DUA, Yogita
942 ## - ADDED ENTRY ELEMENTS (KOHA)
Source of classification or shelving scheme Dewey Decimal Classification
Koha item type Text Books
942 ## - ADDED ENTRY ELEMENTS (KOHA)
-- 1
Holdings
Withdrawn status Lost status Source of classification or shelving scheme Damaged status Not for loan Collection code Home library Current library Date acquired Source of acquisition Currency Cost, normal purchase price Bill Number Total Checkouts Full call number Acc. no. / Barcode Date last seen Actual Cost, discounted price Bill Date Koha item type Date last borrowed
    Dewey Decimal Classification     B.Com PIET NCR College Library PIET NCR College Library 01/04/2022 Kirti Prakashan Indian Rup 175.00 IN9   429 MAG N2345 15/04/2022 147.00 01/04/2022 Text Books  
    Dewey Decimal Classification     B.Com PIET NCR College Library PIET NCR College Library 01/04/2022 Kirti Prakashan Indian Rup 175.00 IN9 1 429 MAG N2346 31/05/2024 147.00 01/04/2022 Text Books 20/02/2024
    Dewey Decimal Classification     B.Com PIET NCR College Library PIET NCR College Library 01/04/2022 Kirti Prakashan Indian Rup 175.00 IN9 1 429 MAG N2347 22/02/2024 147.00 01/04/2022 Text Books 20/02/2024
    Dewey Decimal Classification     B.Com PIET NCR College Library PIET NCR College Library 01/04/2022 Kirti Prakashan Indian Rup 175.00 IN9   429 MAG N2348 15/04/2022 147.00 01/04/2022 Text Books  
    Dewey Decimal Classification     B.Com PIET NCR College Library PIET NCR College Library 01/04/2022 Kirti Prakashan Indian Rup 175.00 IN9   429 MAG N2349 15/04/2022 147.00 01/04/2022 Text Books  
    Dewey Decimal Classification     B.Com PIET NCR College Library PIET NCR College Library 01/04/2022 Kirti Prakashan Indian Rup 175.00 IN9   429 MAG N2350 15/04/2022 147.00 01/04/2022 Text Books  
    Dewey Decimal Classification     B.Com PIET NCR College Library PIET NCR College Library 01/04/2022 Kirti Prakashan Indian Rup 175.00 IN9 1 429 MAG N2351 18/08/2023 147.00 01/04/2022 Text Books 05/08/2023
    Dewey Decimal Classification     B.Com PIET NCR College Library PIET NCR College Library 01/04/2022 Kirti Prakashan Indian Rup 175.00 IN9 1 429 MAG N2352 31/05/2022 147.00 01/04/2022 Text Books 17/05/2022
    Dewey Decimal Classification     B.Com PIET NCR College Library PIET NCR College Library 01/04/2022 Kirti Prakashan Indian Rup 175.00 IN9 3 429 MAG N2353 11/03/2026 147.00 01/04/2022 Text Books 09/03/2026
    Dewey Decimal Classification     B.Com PIET NCR College Library PIET NCR College Library 01/04/2022 Kirti Prakashan Indian Rup 175.00 IN9 2 429 MAG N2354 12/03/2026 147.00 01/04/2022 Text Books 09/03/2026

Design & Developed by: PIET Central Library
R70 Miles Stone Pattikalyana Samalkha Panipat 132102
mail ID :- [email protected], Phone No:- 0180-2569700 Ex.216